| 000 | 01110nam a2200301 i 4500 | ||
|---|---|---|---|
| 001 | 69925 | ||
| 003 | Mx-PuUPA | ||
| 005 | 20220811161427.0 | ||
| 008 | 220810s2019 uk ad||gr|||| 00| 0 eng d | ||
| 020 |
_a9781108457835 _qrústica |
||
| 040 |
_aMx-PuUPA _bspa _cMx-PuUPA _dMx-PuUPA _erda |
||
| 041 | 0 | _aeng | |
| 100 | 1 |
_aLandy, Marc Karnis, _eautor _913097 |
|
| 245 | 1 | 0 |
_aAmerican government : _benduring principles and critical choices / _cMarc Landy |
| 250 | _aFourth Edition | ||
| 264 | 1 |
_aUnited Kingdom : _bCambridge University Press, _c©2019 |
|
| 300 |
_aix, 516 páginas : _bilustraciones, gráficas ; _c25 cm |
||
| 336 |
_2rdacontent _atexto _btxt |
||
| 337 |
_2rdamedia _asin medio _bn |
||
| 338 |
_2rdacarrier _avolumen _bnc |
||
| 650 | 7 |
_2armarc _aCiencias políticas |
|
| 651 | 4 |
_aEstados Unidos _xPolítica y gobierno |
|
| 942 |
_2ddc _cLI _h320.973 _iL243 |
||
| 999 |
_c69925 _d69925 |
||